Oxford Dictionaries Top 1000 English Words - 142 (Or 143) Are 7 Letters Long - Statistics

General Stats
  • This quiz has been taken 4,192 times
  • The average score is 54 of 143
Answer Stats
Words % Correct
Because
67%
Believe
64%
Produce
63%
Through
63%
Contain
62%
Country
62%
Product
62%
Protect
59%
Another
57%
Process
57%
Promise
57%
Compare
56%
Provide
56%
Between
54%
Teacher
54%
Manager
52%
Student
52%
Support
52%
Achieve
51%
Company
51%
Present
51%
Account
50%
Someone
49%
Comment
48%
Deliver
48%
Receive
48%
Ability
47%
Address
47%
Natural
47%
Whether
47%
Explain
46%
Against
45%
Contact
45%
Hundred
45%
Officer
45%
Promote
45%
Include
44%
Nothing
44%
Science
44%
Concern
43%
Discuss
43%
General
43%
However
43%
Million
43%
Perhaps
43%
Prevent
43%
Purpose
43%
Suppose
43%
Problem
42%
Already
41%
Content
41%
Example
41%
Program
41%
Perform
41%
Project
41%
Respect
41%
Several
41%
Without
41%
Further
40%
Realize
40%
Release
40%
Suggest
40%
Conduct
39%
Measure
39%
Protein
39%
Service
38%
Subject
38%
Success
38%
Certain
37%
History
37%
Mention
37%
Special
37%
Develop
36%
Feature
36%
Quickly
36%
Towards
36%
Central
35%
College
35%
Express
35%
Foreign
35%
Outside
35%
Propose
35%
Billion
34%
Complex
34%
Partner
34%
Attempt
33%
Benefit
33%
Current
33%
Himself
33%
Message
33%
Vehicle
33%
Average
32%
Capital
32%
Control
32%
Forward
32%
Medical
32%
Pattern
32%
Section
32%
Station
32%
Usually
32%
Private
31%
Welcome
31%
Picture
30%
Similar
30%
Finally
29%
Meeting
29%
Society
29%
Surface
29%
Disease
28%
Opinion
28%
Publish
28%
Replace
28%
Culture
27%
Involve
27%
Reality
27%
Serious
27%
Various
27%
Century
26%
Element
26%
Exactly
26%
Clearly
25%
Economy
25%
Instead
25%
Quality
25%
Reflect
25%
Improve
24%
Patient
24%
Victory
24%
Per cent
23%
Popular
23%
Species
23%
Article
21%
Failure
20%
Observe
20%
Require
20%
Council
19%
Version
18%
Display
16%
Defence
15%
Despite
15%
Overall
15%
Network
14%
Related
13%
No matching quizzes found
Score Distribution
Percent of People with Each Score
Percentile by Number Answered
Your Score History
You have not taken this quiz